Housing Management : Changing practice

Bibliographic Details
Other Authors: Davies, Christine (Editor)
Format: Book
Language:English
Published: Hampshire : Macmillan Education Ltd. 1992
Subjects:

MARC

LEADER 00000cam a2200000 7i4500
001 0000006417
005 20241001.0
008 000204 enk eng
020 |a 0333542401 
040 |a INS   |b eng   |e rda 
090 0 0 |a HD7333.A3   |b H67 1992 
245 0 0 |a Housing Management :   |b Changing practice   |c edited by Christine Davies 
264 1 |a Hampshire :   |b Macmillan Education Ltd.   |c 1992 
300 |a 213 pages ;   |c 24 cm. 
336 |a text  |2 rdacontent 
337 |a unmediated  |2 rdamedia 
338 |a volume  |2 rdacarrier 
500 |a Includes index 
650 0 |a Housing 
650 0 |a Housing management 
700 1 |a Davies, Christine ,   |e editor 
999 |a 0000005385   |b BOOK   |c Open Shelf   |e Default branch